000 00418nam a22001817a 4500
003 MPLRDC
005 20220104143214.0
008 210129b ||||| |||| 00| 0 eng d
082 _a868.71 HF
100 _a海凡
245 _a海凡散文集
_c
250 _a初版
260 _a
_b海鸥书屋出版
_c1978
300 _b
490 _a海鸥文丛. 1
650 _a马华文学
942 _cBK
_o868.71 HF
999 _c37631
_d37621